Most populated cities in China - Statistics

General Stats
  • This quiz has been taken 15 times
  • The average score is 10 of 15
Answer Stats
Hint Answer % Correct
18.9 M Beijing
100%
16 M Guangzhou
93%
21.9 M Shanghai
93%
10.4 M Wuhan
93%
17.4M Shenzhen
80%
13.5 M Chengdu
73%
7.5 M Nanjing
73%
9.3 M Xi'an
73%
9.2 M Hangzhou
67%
9.5 M Chongqing
60%
9 M Foshan
40%
7 M Shenyang
40%
6.4 M Zhengzhou
40%
9.6 M Dongguan
33%
11 M Tainjin
0%
No matching quizzes found
Score Distribution
Percent of People with Each Score
Percentile by Number Answered
Your Score History
You have not taken this quiz